| 000 | 00682cam a22002171 4500 | ||
|---|---|---|---|
| 001 | 3590611 | ||
| 003 | BD-DhUL | ||
| 005 | 20170423132553.0 | ||
| 008 | 730807s1968 miu 000 0 eng | ||
| 010 | _a 67030730 | ||
| 040 |
_aDLC _cDLC _dDLC _dBD-DhUL |
||
| 050 | 0 | 0 |
_aPS221 _b.W4 |
| 082 | 0 | 0 |
_a810.9 _bWES |
| 100 | 1 |
_aWest, Ray Benedict. _d1908- |
|
| 245 | 1 | 4 |
_aThe writer in the room / _cselected essays by Ray B. West, Jr. |
| 260 |
_aEast Lansing : _bMichigan State University Press, _c1968. |
||
| 300 |
_a266 p. ; _c21 cm. |
||
| 650 | 0 |
_aAmerican literature _y20th century _xHistory and criticism. |
|
| 906 |
_a7 _bcbc _corignew _du _eocip _f19 _gy-gencatlg |
||
| 942 |
_2ddc _cBK |
||
| 999 |
_c191001 _d191001 |
||